000 00765nam0a22002531 4500
001 v19\rc\1656962
005 20250619004951.0
035 _a(NLR Aleph) 004767177
090 _a4611274
_c4611274
100 _a20061002d1910 |||y0rusy50 ca
101 0 _arus
102 _aRU
105 _ay z |||||
200 1 _aУстав Эстляндского морского яхт-клуба
_e[Утв. 12 нояб. 1888 г.]
210 _aРевель
_d1910
215 _a[2], 65, [5] с.
_d19
710 0 2 _aЭстляндский морской яхт-клуб
_cРевель
801 0 _aRU
_bNLR
_gpsbo
801 0 _aRU
_bRuMoRGB
_2psbo
801 1 _aRU
_bProSoft-M
_2rusmarc
852 _aNLR
_j20.43.9.200
899 _aRuMoRGB
_jV 74/1045
942 _cBOOK
980 _aNB